000 00958nam0a22002531 4500
001 rc\3705414
005 20130115152644.6
021 _aRU
_b[70-68085]
035 _a(NLR Aleph) 007855752
090 _a7789833
_c7789833
100 _a20130115d1970 |||y0rusy50 ca
101 0 _arus
102 _aRU
105 _aa z |||||
200 1 _aСтудийный магнитофон
_eПособие для работников техн. служб радиовещания и телевидения
_fГос. ком. Совета Министров СССР по телевидению и радиовещанию. Науч.-метод. отд.
210 _aМосква
_cБ. и.
_d1970
215 _a133 с.
_cил.
_d22
606 _aМагнитофоны
_2psbo
700 1 _aКоллендер
_bБ. Г.
_gБорис Георгиевич
801 0 _aRU
_bNLR
_gpsbo
801 1 _aRU
_bELAR
_2rusmarc
852 _aNLR
_j70-5/3672
942 _cBOOK
980 _aNB